<?xml version="1.0" encoding="UTF-8"?>
<marc:record xmlns:marc="http://www.loc.gov/MARC21/slim">
   <marc:leader>00000nam a2200000 a 4500</marc:leader>
   <marc:datafield ind1="1" ind2=" " tag="100">
      <marc:subfield code="a">Haidacher, Ulrike</marc:subfield>
      <marc:subfield code="4">aut</marc:subfield>
      <marc:subfield code="e">Verfasser/-in</marc:subfield>
   </marc:datafield>
   <marc:datafield ind1="0" ind2="0" tag="245">
      <marc:subfield code="a">Malibu Orange</marc:subfield>
   </marc:datafield>
   <marc:datafield ind1="0" ind2="0" tag="245">
      <marc:subfield code="b">Roman</marc:subfield>
   </marc:datafield>
   <marc:datafield ind1="0" ind2="0" tag="245">
      <marc:subfield code="c">Ulrike Haidacher</marc:subfield>
   </marc:datafield>
   <marc:datafield ind1=" " ind2="1" tag="264">
      <marc:subfield code="a">Graz</marc:subfield>
      <marc:subfield code="b">Leykam: Belletristik</marc:subfield>
      <marc:subfield code="c">2024</marc:subfield>
   </marc:datafield>
   <marc:datafield ind1="1" ind2=" " tag="520">
      <marc:subfield code="a">Quelle: bn.bibliotheksnachrichten (http://www.biblio.at/literatur/bn/index.html); #Autor: Michael Wildauer; #Probleme der Selbstfindung treffen auf Probleme der Freundin. (DR)#Anja hat gekündigt, eine Krankenschwester im frühen Burn-out. Sie wohnt wieder bei ihren Eltern und ist total verunsichert. Ist sie eine Versagerin? Die Eltern helfen, aber natürlich nur, bis diese kleine Krise vorbei ist, die jungen Leute heutzutage halten ja gar nichts mehr aus. Anja möchte sich ihrer besten Freundin anvertrauen und lädt sie  nostalgisch  zu Malibu Orange ins Café Ulli ein, »ein anständiges Lokal mit Erinnerungen und Grind«. Doch die Freundin benimmt sich nicht wie gewohnt, sie ist frisch verliebt und ihr Partner ist wichtiger als die beste Freundin oder sonst etwas auf der Welt. Nur mehr Anjas Oma ist ein Fels in der Brandung, doch die Oma ist schon sehr alt.#Haidacher wird als Kabarettistin bezeichnet und deswegen ist das angeblich ein humorvolles Buch. Aber dafür beobachtet sie viel zu genau, schaut hin, auch wenn man das nicht sehen will, und steckt manchmal scherzhaft den Finger in die Wunde, die natürlich trotzdem schmerzt. Sprachlich ist es eine Achterbahn von »dem Volk aufs Maul geschaut« über Satzkaskaden wie bei Thomas Bernhard bis zur nüchtern-sachlichen Darstellung. Auch thematisch wird viel angerissen, man darf sich aber keine Lösung oder Abgeschlossenheit erwarten. Am besten ist vielleicht der Teil, in der ihr die Freundin entgleitet, so viele Suspense-Elemente gab es wohl selten außerhalb eines Thrillers. Modern, intelligent  was will man mehr?</marc:subfield>
   </marc:datafield>
   <marc:datafield ind1=" " ind2=" " tag="020">
      <marc:subfield code="a">9783701183500</marc:subfield>
      <marc:subfield code="9">9783701183500</marc:subfield>
   </marc:datafield>
   <marc:datafield ind1=" " ind2=" " tag="041">
      <marc:subfield code="a">ger</marc:subfield>
   </marc:datafield>
   <marc:datafield ind1=" " ind2=" " tag="300">
      <marc:subfield code="a">224 Seiten</marc:subfield>
   </marc:datafield>
</marc:record>
